| 000 | 00865nam a22002177a 4500 | ||
|---|---|---|---|
| 003 | BUBTL | ||
| 008 | 220127b ||||| |||| 00| 0 eng d | ||
| 020 | _a9789846423853 | ||
| 082 | _a954.92/ M7491b/ 2018 | ||
| 100 |
_94503 _aমনির, খায়রুল আলম |
||
| 245 |
_aবঙ্গবন্ধু হত্যার বিচার / _cখায়রুল আলম মনির |
||
| 250 | _a1st Edn. | ||
| 260 |
_aঢাকা; _bশব্দরূপ, _cc2018 |
||
| 300 |
_a288 p.: _bill.: _c22 cm. |
||
| 505 | _aবঙ্গবন্ধু হত্যার বিচার, বঙ্গবন্ধু, খায়রুল আলম মনির | ||
| 650 | 0 |
_93573 _aবঙ্গবন্ধু |
|
| 650 | 0 |
_94372 _aBangabandhu |
|
| 856 |
_k0 _l0 _yDownload |
||
| 942 |
_2ddc _cBK |
||
| 999 |
_c6649 _d6649 |
||